000
00294nam a2200121Ia 4500
008
220120s9999||||xx |||||||||||||| ||und||
082
_a
823 WES
100
_a
Westall, Robert
_9
11924
245
4
_a
The kingdom by the sea
260
_a
Mammoth
_b
Bangalooru
_c
2001
300
_b
0
650
_a
CIVIL
999
_c
137463
_d
137463